Finite element methods for computational fluid dynamics : (Record no. 21610)
[ view plain ]
| 000 -LEADER | |
|---|---|
| fixed length control field | 01217cam a22002655a 4500 |
| 001 - CONTROL NUMBER | |
| control field | 18243946 |
| 005 - DATE AND TIME OF LATEST TRANSACTION | |
| control field | 20161207144213.0 |
| 008 - FIXED-LENGTH DATA ELEMENTS--GENERAL INFORMATION | |
| fixed length control field | 140728t2015 paua frb 001 0 eng d |
| 020 ## - INTERNATIONAL STANDARD BOOK NUMBER | |
| International Standard Book Number | 9781611973600 |
| 040 ## - CATALOGING SOURCE | |
| Original cataloging agency | DLC |
| Language of cataloging | eng |
| Transcribing agency | DLC |
| Modifying agency | DLC |
| -- | EG-ScBUE |
| 082 04 - DEWEY DECIMAL CLASSIFICATION NUMBER | |
| Classification number | 620.10640151825 |
| Item number | KUZ |
| Edition number | 22 |
| 100 1# - MAIN ENTRY--PERSONAL NAME | |
| Personal name | Kuzmin, Dmitri. |
| 9 (RLIN) | 39803 |
| 245 10 - TITLE STATEMENT | |
| Title | Finite element methods for computational fluid dynamics : |
| Remainder of title | a practical guide / |
| Statement of responsibility, etc | Dmitri Kuzmin, Jari Hämäläinen. |
| 260 ## - PUBLICATION, DISTRIBUTION, ETC. (IMPRINT) | |
| Place of publication, distribution, etc | Philadelphia : |
| Name of publisher, distributor, etc | Society for Industrial and Applied Mathematics, |
| Date of publication, distribution, etc | c.2015. |
| 300 ## - PHYSICAL DESCRIPTION | |
| Extent | viii, 313 p. : |
| Other physical details | ill. ; |
| Dimensions | 25 cm. |
| 490 0# - Series Statement | |
| Series statement | Computational science and engineering series |
| 500 ## - GENERAL NOTE | |
| General note | "This SIAM edition is partly based on the Finnish-language book, Elementtimenetelmä virtauslaskennassa (in English: The finite element method in computational fluid dynamics) by J. Hämäläinen and J. Järvinen, CSC Press, 1994." |
| 500 ## - GENERAL NOTE | |
| General note | Index : p. 311-313. |
| 504 ## - BIBLIOGRAPHY, ETC. NOTE | |
| Bibliography, etc | Bibliography : p. 295-309. |
| 650 #7 - SUBJECT ADDED ENTRY--TOPICAL TERM | |
| Topical term or geographic name as entry element | Fluid dynamics |
| General subdivision | Mathematics. |
| Source of heading or term | BUEsh |
| 9 (RLIN) | 11456 |
| 650 #7 - SUBJECT ADDED ENTRY--TOPICAL TERM | |
| 9 (RLIN) | 18475 |
| Topical term or geographic name as entry element | Finite element method |
| General subdivision | Data processing. |
| Source of heading or term | BUEsh |
| 653 ## - INDEX TERM--UNCONTROLLED | |
| Resource For college | Engineering, General |
| Arrived date list | April2016 |
| -- | December2016 |
| 700 1# - ADDED ENTRY--PERSONAL NAME | |
| Personal name | Hämäläinen, Jari, |
| Dates associated with a name | 1965- |
| 9 (RLIN) | 39805 |
| 942 ## - ADDED ENTRY ELEMENTS (KOHA) | |
| Source of classification or shelving scheme | Dewey Decimal Classification |
| Withdrawn status | Item status | Source of classification or shelving scheme | Damaged status | Not for loan | Vendor | Home library | Current library | Shelving location | Date acquired | Source of acquisition | Cost, normal purchase price | Total Checkouts | Total Renewals | Full call number | Barcode | Checked out | Date last seen | Date last borrowed | Cost, replacement price | Koha item type | Serial Enumeration / chronology |
|---|---|---|---|---|---|---|---|---|---|---|---|---|---|---|---|---|---|---|---|---|---|
| Dewey Decimal Classification | Alahram | Central Library | Central Library | First floor | 12/04/2016 | Purchase | 821.00 | 1 | 15 | 620.10640151825 KUZ | 000032322 | 17/09/2023 | 12/04/2016 | 12/04/2016 | 1025.25 | Book - Borrowing | |||||
| Dewey Decimal Classification | Alahram | Central Library | Central Library | First floor | 07/12/2016 | Purchase | 821.00 | 620.10640151825 KUZ | 000040335 | 15/07/2025 | 1026.25 | Book - Borrowing | 116 |